000 00612cam a2200229 4500
001 D9613
008 071126s1973 xxka f 000 0ceng
035 _a(Sirsi) u21102
041 _aeng
050 0 4 _a920 $2 18
100 1 _aWainwright, David
245 0 0 _aRichard Ellis
_b1773 - 1973
260 _aLondon
_bHutchinson Benham
_c1973
300 _a71 p.
_bill.
_c30 cm.
350 _a0
520 _aA history of the firm of Richard Ellis.
610 2 4 _aRichard Ellis
_91875
651 4 _aUnited Kingdom
_y
690 _aABOUT RICS-RICS MEMBERS-CHARTERED SURVEYORS
942 _n0
948 _c04/03/1997
999 _c87919
_d87919